Medicines [Advertisement and Sales] Act 1956 (Revised - 1983) (Akta 290) / Medicine Advertisements Board Regulations 1976 (P.U.(A) 283/76): (Record no. 4685)

000 -LEADER
fixed length control field nam a22 a 4500
003 - CONTROL NUMBER IDENTIFIER
control field AKMAL
005 - DATE AND TIME OF LATEST TRANSACTION
control field 20170728103302.0
008 - FIXED-LENGTH DATA ELEMENTS--GENERAL INFORMATION
fixed length control field 17 s2017 my l 00 eng d
040 ## - CATALOGING SOURCE
Original cataloging agency AKMAL
082 04 - DEWEY DECIMAL CLASSIFICATION NUMBER
Classification number 343. 595085561 MAL
090 ## - LOCALLY ASSIGNED LC-TYPE CALL NUMBER (OCLC); LOCAL CALL NUMBER (RLIN)
Classification number (OCLC) (R) ; Classification number, CALL (RLIN) (NR) 343.595085561
Local cutter number (OCLC) ; Book number/undivided call number, CALL (RLIN) MAL
110 2# - MAIN ENTRY--CORPORATE NAME
Corporate name or jurisdiction name as entry element Malaysia
9 (RLIN) 400
240 1# - UNIFORM TITLE
Uniform title Akta Ubat [Iklan dan Penjualan], 1956.
Language of a work English
245 1# - TITLE STATEMENT
Title Medicines [Advertisement and Sales] Act 1956 (Revised - 1983) (Akta 290) / Medicine Advertisements Board Regulations 1976 (P.U.(A) 283/76):
Remainder of title all amendments up to October, 1991 (Act 290) /
Statement of responsibility, etc. compiled by MDC Legal Advisers
260 ## - PUBLICATION, DISTRIBUTION, ETC.
Place of publication, distribution, etc. Kuala Lumpur :
Name of publisher, distributor, etc. MDC,
Date of publication, distribution, etc. 2017
300 ## - PHYSICAL DESCRIPTION
Extent 21p. ;
Dimensions 25cm
650 ## - SUBJECT ADDED ENTRY--TOPICAL TERM
Topical term or geographic name entry element Advertising
General subdivision Medicine
-- Law and legislation
9 (RLIN) 9004
942 ## - ADDED ENTRY ELEMENTS (KOHA)
Source of classification or shelving scheme
Koha item type Book
Holdings
Withdrawn status Lost status Source of classification or shelving scheme Damaged status Not for loan Collection code Home library Current library Shelving location Date acquired Inventory number Total Checkouts Full call number Barcode Date last seen Price effective from Koha item type
          NON-FICTION AKMAL Melaka AKMAL Melaka PINJAMAN 28.07.2017 307115   343. 595085561 MAL 201707468 28.07.2017 28.07.2017 Book
Pusat Sumber Maklumat Dato' Haji Sarmin Md Hussin, Akademi Kastam Diraja Malaysia, Melaka
Tel: 06-2331106 | Faks: 06-2313787